New Testament theology (Record no. 382418)

MARC details
000 -LEADER
fixed length control field 00678nam a2200217Ia 4500
008 - FIXED-LENGTH DATA ELEMENTS--GENERAL INFORMATION
fixed length control field 191130s1994##################000#0#eng##
020 ## - INTERNATIONAL STANDARD BOOK NUMBER
ISBN 9780198266600
082 ## - DEWEY DECIMAL CLASSIFICATION NUMBER
Classification number 230 CAI
100 ## - MAIN ENTRY--AUTHOR NAME
Personal name Caird, G. B
245 ## - TITLE STATEMENT
Title New Testament theology
Statement of responsibility, etc G.B. Caird ; completed and edited by L.D. Hurst
260 ## - PUBLICATION, DISTRIBUTION, ETC. (IMPRINT)
Place of publication Oxford
Name of publisher Clarendon Press ; Oxford University Press
Year of publication 1994
300 ## - PHYSICAL DESCRIPTION
Number of Pages xix, 498 p. ; 22 cm
500 ## - GENERAL NOTE
General note Includes bibliographical references (p. [427]-449) and indexes
650 ## - SUBJECT ADDED ENTRY--TOPICAL TERM
Topical Term Bible. N.T. - Theology
700 ## - ADDED ENTRY--PERSONAL NAME
Personal name Hurst, L. D
991 ## -
-- 75339

No items available.

Find us on the map